header

Signalers and receivers (Record no. 23711)

MARC details
000 -LEADER
fixed length control field 01212nam a2200301Ia 4500
100 1# - MAIN ENTRY--AUTHOR NAME
Personal name Greenfield, Michael D.
245 10 - TITLE STATEMENT
Title Signalers and receivers
260 ## - PUBLICATION, DISTRIBUTION, ETC. (IMPRINT)
Place of publication Oxford ;
-- New York :
Name of publisher Oxford University Press,
Year of publication 2002.
300 ## - PHYSICAL DESCRIPTION
Number of Pages xii, 414 p. :
Other physical details ill.
650 #0 - SUBJECT ADDED ENTRY--TOPICAL TERM
Topical Term Arthropoda
Topical Term Animal communication.
856 40 - ELECTRONIC LOCATION AND ACCESS
Uniform Resource Identifier http://site.ebrary.com/lib/rucke/Doc?id=10269119

No items available.

© 2026 Rongo University
Contact us: librarian | system librarian | Rongo university